<?xml version="1.0" encoding="UTF-8"?>
<record
    xmlns:xsi="http://www.w3.org/2001/XMLSchema-instance"
    xsi:schemaLocation="http://www.loc.gov/MARC21/slim http://www.loc.gov/standards/marcxml/schema/MARC21slim.xsd"
    xmlns="http://www.loc.gov/MARC21/slim">

  <leader>00638nam a22001577a 4500</leader>
  <controlfield tag="005">20250103094219.0</controlfield>
  <controlfield tag="008">250103b        |||||||| |||| 00| 0 eng d</controlfield>
  <datafield tag="040" ind1=" " ind2=" ">
    <subfield code="c">PK-LaUMT</subfield>
  </datafield>
  <datafield tag="082" ind1=" " ind2=" ">
    <subfield code="a">APC 297.4</subfield>
    <subfield code="b">ABD-R</subfield>
  </datafield>
  <datafield tag="100" ind1=" " ind2=" ">
    <subfield code="a">Abdul Latif Khan Naqashbandi = &#x639;&#x628;&#x62F;&#x627;&#x644;&#x644;&#x637;&#x6CC;&#x641; &#x62E;&#x627;&#x646; &#x646;&#x642;&#x634;&#x628;&#x646;&#x62F;&#x6CC;</subfield>
    <subfield code="9">3969</subfield>
  </datafield>
  <datafield tag="245" ind1=" " ind2=" ">
    <subfield code="a">Rabtah shaikh =  &#x631;&#x627;&#x628;&#x637;&#x6C1; &#x634;&#x6CC;&#x62E; :</subfield>
    <subfield code="b">  &#x62A;&#x635;&#x648;&#x631; &#x634;&#x6CC;&#x62E;&#x60C; &#x62A;&#x648;&#x62C;&#x6C1; &#x627;&#x648;&#x631; &#x62A;&#x635;&#x631;&#x641; &#x634;&#x6CC;&#x62E; &#x67E;&#x631; &#x67E;&#x6C1;&#x644;&#x6CC; &#x645;&#x633;&#x62A;&#x646;&#x62F; &#x627;&#x648;&#x631; &#x62C;&#x627;&#x645;&#x639; &#x62A;&#x62D;&#x631;&#x6CC;&#x631; /</subfield>
    <subfield code="c">by Abdul Latif Khan Naqashbandi = &#x639;&#x628;&#x62F;&#x627;&#x644;&#x644;&#x637;&#x6CC;&#x641; &#x62E;&#x627;&#x646; &#x646;&#x642;&#x634;&#x628;&#x646;&#x62F;&#x6CC;</subfield>
  </datafield>
  <datafield tag="260" ind1=" " ind2=" ">
    <subfield code="a">Lahore :</subfield>
    <subfield code="b">Jang Publisherrs,</subfield>
    <subfield code="c">NA</subfield>
  </datafield>
  <datafield tag="300" ind1=" " ind2=" ">
    <subfield code="a">312 p.</subfield>
  </datafield>
  <datafield tag="546" ind1=" " ind2=" ">
    <subfield code="a">Urdu</subfield>
  </datafield>
  <datafield tag="942" ind1=" " ind2=" ">
    <subfield code="c">BK</subfield>
  </datafield>
  <datafield tag="999" ind1=" " ind2=" ">
    <subfield code="c">136470</subfield>
    <subfield code="d">136470</subfield>
  </datafield>
  <datafield tag="952" ind1=" " ind2=" ">
    <subfield code="0">0</subfield>
    <subfield code="1">0</subfield>
    <subfield code="4">0</subfield>
    <subfield code="7">0</subfield>
    <subfield code="a">01</subfield>
    <subfield code="b">01</subfield>
    <subfield code="d">2025-01-03</subfield>
    <subfield code="l">0</subfield>
    <subfield code="o">APC 297.4 ABD-R</subfield>
    <subfield code="p">148141</subfield>
    <subfield code="r">2025-01-03 09:42:32</subfield>
    <subfield code="w">2025-01-03</subfield>
    <subfield code="y">BK</subfield>
  </datafield>
</record>
